XI Roku 2009 wg. Tygodnika "Piłka Nożna" (Europa) - Statystyki

Ogólne statystyki
  • Ten quiz został rozwiązany 213 razy
  • Średni wynik to 10 z 11
Statystyki odpowiedzi
Pozycja Kraj Klub Zawodnik % Poprawnych
BR Włochy Juventus Gianluigi Buffon
100%
PS Portugalia Man United / Real Madryt Cristiano Ronaldo
99%
ŚN Szwecja Inter / Barcelona Zlatan Ibrahimovic
99%
ŚO Hiszpania Barcelona Carles Puyol
98%
PO Niemcy Bayern Philipp Lahm
98%
ŚN Anglia Manchester United Wayne Rooney
98%
ŚP Hiszpania Barcelona Xavi Hernandez
97%
ŚP/LS Hiszpania Barcelona Andres Iniesta
96%
ŚP Anglia Chelsea Frank Lampard
92%
ŚO Anglia Chelsea John Terry
91%
LO Francja Manchester United Patrice Evra
77%
Nie znaleziono quizów pasujących do podanych kryteriów
Rozkład punktacji
Procent ludzi z każdym wynikiem
Percentyl według liczby udzielonych odpowiedzi
Twoja historia wyników
Nie rozwiązałeś tego quizu